Divination in Thailand : the hopes and fears of a Southeast Asian people /

Bibliographic Details
Main Author: Wales, H. G. Quaritch (Horace Geoffrey Quaritch), 1900-1981
Format: Book
Language:English
Published: London : Curzon Press, 1983
Subjects:

MARC

Tag First Indicator Second Indicator Subfields
LEADER 00000cam a2200000 a 4500
001 in00000504713
005 20151013065112.0
008 830301c19831981enkaf b 00110 eng d
020 |a 0700701478 
035 |a (OCoLC)09266541 
035 |9 ACD8114AM 
040 |a JNA  |c JNA  |d TXA  |d UtOrBLW 
049 |a TXAM  |c [271674] 
090 |a BF1773.2.T5  |b W344 1983 
100 1 |a Wales, H. G. Quaritch  |q (Horace Geoffrey Quaritch),  |d 1900-1981. 
245 1 0 |a Divination in Thailand :  |b the hopes and fears of a Southeast Asian people /  |c H.G. Quaritch Wales. 
264 1 |a London :  |b Curzon Press,  |c 1983 
264 4 |c ©1981 
300 |a xiii, 145 pages, xii pages of plates :  |b illustrations ;  |c 23 cm. 
336 |a text  |b txt  |2 rdacontent 
337 |a unmediated  |b n  |2 rdamedia 
338 |a volume  |b nc  |2 rdacarrier 
504 |a Includes bibliographical references and index. 
650 0 |a Divination  |z Thailand. 
999 |a MARS 
999 f f |s 19879966-524b-340b-b7f7-f4b3462ae035  |i 39393451-dd26-317e-8caf-d3c96f3ea05d  |t 0 
952 f f |p ric  |a Texas A&M University  |b Rellis Campus  |c Joint Library Facility  |d Remote Storage  |t 0  |e BF1773.2.T5 W344 1983  |h Library of Congress classification  |i unmediated -- volume  |m A14807686333 
998 f f |a BF1773.2.T5 W344 1983  |t 0  |l Remote Storage